Quiz z geografii ogólnej #2 - Statystyki

Ogólne statystyki
  • Ten quiz został rozwiązany 30 razy
  • Średni wynik to 8 z 12
Statystyki odpowiedzi
Hint Odpowiedź % Poprawnych
Jakie jest największe województwo w Polsce Mazowieckie
96%
Z jakim państwem graniczy Portugalia Hiszpania
92%
Ile landów jest w Niemczech 16
88%
Jaki kraj jest nazywany krajem kwitnącej wiśni Japonia
79%
Jaki ptak znajduje się na fladze Kazachstanu Orzeł
71%
Jaki kolor był na dawnej fladze Libii Zielony
71%
Kto jest największym eksporterem kawy Brazylia
67%
Jak nazywa się stolica Indonezji Jakarta/Dżakarta
67%
Jaka waluta jest w polskim mieście Mrozy złoty
58%
Jaki kraj w Afryce mówi po hiszpańsku Gwinea Równikowa
38%
Nad jaką rzeką leży miasto Pułtusk Narew
38%
Jak nazywa się flaga Wielkiej Brytanii Union Jack/Union Flag
38%
Nie znaleziono quizów pasujących do podanych kryteriów
Rozkład punktacji
Procent ludzi z każdym wynikiem
Percentyl według liczby udzielonych odpowiedzi
Twoja historia wyników
Nie rozwiązałeś tego quizu